[Event "Astana"]
[Site "Astana"]
[Date "2001.05.25"]
[Round "5"]
[White "Shirov, Alexei"]
[Black "Gelfand, Boris"]
[Result "1/2-1/2"]
[WhiteElo "2722"]
[BlackElo "2712"]
[Annotator "Gelfand,B"]
[PlyCount "74"]
[EventDate "2001.05.20"]
[EventType "tourn"]
[EventRounds "10"]
[EventCountry "KAZ"]
[EventCategory "20"]
[SourceTitle "CBM 084"]
[Source "ChessBase"]
[SourceDate "2001.09.13"]
[SourceVersion "1"]
[SourceVersionDate "2001.09.13"]
[SourceQuality "1"]

1. e4 e5 2. Nf3 Nf6 3. Nxe5 d6 4. Nf3 Nxe4 5. d4 d5 6. Bd3 Be7 7. O-O Nc6 8. c4
Nf6 9. Nc3 Be6 10. c5 Bg4 11. Bb5 O-O 12. Bxc6 bxc6 13. h3 Bxf3 14. Qxf3 Re8 (
14... Nd7 15. b4 Bf6 16. Qd3 a5 17. bxa5 Rxa5 18. Rd1 Qc8 19. Rb1 Re8 20. Rb3
Nf8 21. Be3 Ne6 22. a4 $14 {1-0 Socko,B-Kuczynski,R/Warsaw POL 2001 (90)}) 15.
Be3 $146 (15. Re1 Rb8 16. Re2 Nd7 17. Qd3 Bf6 18. Rb1 Nf8 19. Rxe8 Qxe8 20. Be3
Qc8 21. b4 a6 22. Rb3 $14 {1-0 Palac,M-Pavasovic,D/Pozega 2000 (41)}) 15... Qb8
(15... Nd7 16. b4 Bf6 17. Rfc1 $14) 16. Rab1 Bf8 17. Rfe1 (17. Bf4 Qb4 18. Rfd1
Rac8) (17. b4 Ne4 18. Bf4 Nxc3 19. Qxc3 Re4) 17... Qb4 (17... Ne4 $6 18. Bf4
Nxc3 19. bxc3 $16 (19. Qxc3 $5) (19. Rxe8 Qxe8 20. bxc3 Rb8)) 18. a3 Qc4 (18...
Qb3 19. Qg3 (19. Bg5 $5) 19... Re7 20. Bg5 $16) 19. Rbc1 (19. Qg3 {Notkin,M.}
Re7 20. Red1 (20. Rbd1 Rae8) 20... g6 (20... Rae8 21. Bg5 Ne4 22. Nxe4 Rxe4 23.
Qxc7 $16) 21. Bg5 Bg7 $11) 19... Rab8 $2 (19... Re6 $5 20. Qd1 Rae8 21. Ne2 Qa6
22. Nf4 Re4 23. Nd3 Nd7 $11) 20. Qf5 $2 (20. b4 $1 a5 $6 (20... Qb3 21. Bg5
Qxa3 22. Bxf6 gxf6 23. b5 cxb5 24. Qg4+ Kh8 25. Nxd5 $16) 21. bxa5 Rb3 22. Nb1
$1 Qa6 23. Qd1 $16) 20... Qb3 21. Bg5 Ne4 $11 (21... Qxb2 22. Bxf6 gxf6 $5 (
22... Rxe1+ 23. Rxe1 Qxc3 24. Re3 Qc1+ 25. Kh2 Qb1 (25... Rb1 26. Bxg7 $1 Qh1+
27. Kg3 Rg1 28. Bxf8 Qxg2+ (28... Rxg2+ 29. Kh4 Kxf8 30. Rf3 Rg7 31. Qc8+) 29.
Kh4 Kxf8 30. Qc8+ Kg7 31. Rg3+ $18) 26. Qe5 (26. Qf4 Rb3 27. Re8 Rb8 28. Bd8
$18) (26. Qd7 $1 {Notkin,M.} gxf6 27. Rg3+ Bg7 28. Qg4 Qg6 29. Qf4 $1)) 23.
Red1 (23. Qd3 Bh6 24. Rxe8+ Rxe8 25. Rc2 Qxa3 {Notkin}) 23... Bh6 (23... Qxa3
24. Ne2) 24. Rc2 Qxa3 $13) 22. Nxe4 dxe4 23. Rxe4 Qd3 24. Rce1 Rxb2 25. Qf4 (
25. Qf3 Rxe4 (25... Qxf3 26. gxf3 Rc8 27. Re8 Rbb8 28. Rxc8 Rxc8 29. Rb1 g6 30.
Rb7 Bg7 31. Be3 a5 32. Ra7 Rd8) 26. Qxd3 Rxe1+ 27. Kh2 h5 $13) 25... Rxe4 26.
Qxe4 Qxe4 27. Rxe4 f6 28. Bf4 Kf7 29. Bxc7 Ra2 (29... Rb3 30. Bd6 (30. Re3 Rb1+
31. Kh2 Rd1) 30... Bxd6 31. cxd6 Rb7 $11) 30. Bd6 Rxa3 31. Bxf8 Kxf8 32. Re6
Rd3 33. Rxc6 Rd1+ 34. Kh2 Rxd4 35. Rc8+ Ke7 36. c6 Rc4 37. Rc7+ Kf8 1/2-1/2

[Event "Candidates qf1"]
[Site "Brussels"]
[Date "1991.??.??"]
[Round "7"]
[White "Short, Nigel D"]
[Black "Gelfand, Boris"]
[Result "1/2-1/2"]
[WhiteElo "2660"]
[BlackElo "2665"]
[Annotator "Gelfand,B"]
[PlyCount "66"]
[EventDate "1991.08.??"]
[EventType "match"]
[EventRounds "8"]
[EventCountry "BEL"]
[SourceTitle "Candidates"]
[Source "ChessBase"]
[SourceDate "1999.07.01"]
[SourceVersion "2"]
[SourceVersionDate "1999.07.01"]
[SourceQuality "1"]

1. e4 e5 2. Nf3 Nf6 3. Nxe5 d6 4. Nf3 Nxe4 5. d4 d5 6. Bd3 Bd6 7. O-O O-O 8. c4
c6 9. cxd5 cxd5 10. Nc3 Nxc3 11. bxc3 Bg4 12. Rb1 b6 13. Rb5 Bc7 14. h3 (14. c4
{-47/328.48/417}) 14... a6 15. hxg4 $1 {N} (15. Rxd5 {-49/364}) 15... axb5 16.
Qc2 g6 (16... h6 $6 17. g5 $16) 17. Bh6 (17. Bxb5 $5 Nd7 18. Qb3 (18. Bh6 $5
Re8 $14) 18... Nf6 19. Bh6 Nxg4 $1 20. Bxf8 Kxf8 $10) 17... Re8 18. Bxb5 Re4 (
18... Re6 $6 19. c4 $16) (18... Nd7 $5 {-17.>>b5}) 19. g5 $2 (19. Ng5 $6 Re7 (
19... Rxg4 $4 20. Re1)) (19. c4 $1 $40) 19... Qd6 (19... Ra3 $1 20. g3 (20. c4
$2 Rxf3 21. gxf3 Qd6 $19) (20. Nd2 Qd6 21. g3 Re7 $15 {[]c6}) 20... Qc8 $1 $15
) 20. Ne5 Qe6 $2 (20... Rxe5 21. dxe5 Qxe5 22. g3 $1 (22. f4 Qe3+ 23. Kh1 (23.
Qf2 $6 Qxf2+ (23... Bxf4 $4 24. Re1 $1 $18) 24. Rxf2 Na6 25. Bxa6 Rxa6 26. g3
b5 $10) 23... Na6 $13) 22... Bd6 (22... Na6 $6 23. Bxa6 Rxa6 24. Qd2 $18) 23.
Qd2 Bc5 24. Kg2 $16) (20... Nc6 $1 21. Bxc6 (21. f3 $6 Rxe5 22. Bxc6 Re7 $1 $19
) 21... Rxe5 22. dxe5 (22. Bxa8 $2 Re2 $1 $19) 22... Qxc6 23. f4 Ra3 $1 $15)
21. f4 $1 (21. f3 Re3 $6 (21... Rxe5 $1 {-20...<<e5}) 22. f4 $5 $16 (22. Kf2 $6
Bxe5 $1 23. Kxe3 Bg3+ 24. Kd2 Nc6 $40)) 21... Nc6 $1 (21... Bxe5 22. fxe5 Nc6
23. Qf2 $16 {>>d3}) 22. Nxc6 (22. Bxc6 $6 Bxe5 23. Bxa8 Bxf4 24. Rxf4 Rxf4 25.
Qd2 Qf5 $1 26. Bxd5 Rf1+ 27. Kh2 Qg4 $3 (27... Qxd5 28. Qe2 $18) 28. Qe3 Qh4+
29. Qh3 Qf4+ 30. g3 Qf2+ 31. Qg2 Qe1 32. Kh3 (32. Qe4 Rf2+ 33. Kh3 Qf1+ 34. Kh4
Rh2+ 35. Kg4 Qh3+ $10 36. Kf3 (36. Kf4 Rf2+ $19) 36... Qf1+ $10 (36... Qh5+ $2
37. Kf4 Rf2+ 38. Ke5 Re2 39. Kf6 $3 Rf2+ (39... Rxe4 40. Bxf7+ Kh8 41. Bg7# {
(+)}) 40. Ke7 Re2 41. Bxf7+ Kh8 42. Qxe2 $1 Qxe2+ 43. Kf8 $18)) 32... Rf2 33.
Qh1 (33. Qe4 {-32.1/4e4}) 33... Qe2 34. g4 Qe3+ 35. Kh4 Re2 36. Bxf7+ $1 $10)
22... Rxf4 (22... Bxf4 $2 23. Rxf4 Rxf4 24. Ne5) 23. Rxf4 $2 (23. Qd2 $1 Rxf1+
24. Kxf1 Bg3 25. a4 Qe4 (25... Qf5+ 26. Kg1 Qb1+ 27. Bf1 Re8 28. Ne5 Bxe5 29.
dxe5 Rxe5 30. Qd4 Qe4 31. Qxb6 Qe3+ 32. Qxe3 Rxe3 33. a5 Rxc3 34. Kf2 $18) 26.
Bd3 Qh4 27. Qe3 $1 $16) 23... Bxf4 24. Ne5 (24. Qe2 $2 Rxa2 $1 $17) 24... Bxe5
25. dxe5 Qxe5 26. a4 (26. Qd2 $6 Ra3 $1) (26. Qf2 Qxc3 27. Qxb6 Qa1+ $1 28. Bf1
Qxa2 29. Qf6 Qa1 $10) 26... Qe1+ (26... Rc8 $2 27. Qf2 Rxc3 (27... Rc5 28. Qf6
$18) 28. Qxb6 $18) 27. Kh2 Rc8 (27... Qh4+ $10) 28. Qd3 Qe5+ (28... Rxc3 $4 29.
Qd4 $18) 29. Qg3 Qxc3 30. Qf4 (30. Qxc3 Rxc3 31. Kg1 Re3 $1 $10) 30... Qc7 31.
Kg3 Qc3+ $1 (31... Qxf4+ 32. Kxf4 $16) 32. Kh2 (32. Kg4 Qc2 $1 $10) 32... Qc7
33. Kg3 Qc3+ 1/2-1/2

[Event "Olympiad-36"]
[Site "Mallorca"]
[Date "2004.10.20"]
[Round "6"]
[White "Georgiev, Kiril"]
[Black "Macieja, Bartlomiej"]
[Result "1-0"]
[WhiteElo "2625"]
[BlackElo "2613"]
[Annotator "Georgiev,Ki"]
[PlyCount "101"]
[EventDate "2004.10.15"]
[EventType "team-swiss"]
[EventRounds "14"]
[EventCountry "ESP"]
[SourceTitle "CBM 104"]
[Source "ChessBase"]
[SourceDate "2005.01.27"]
[SourceVersion "1"]
[SourceVersionDate "2005.01.27"]
[SourceQuality "1"]
[WhiteTeam "Bulgaria"]
[BlackTeam "Poland"]
[WhiteTeamCountry "BUL"]
[BlackTeamCountry "POL"]

1. e4 {Atlas,V} e5 2. Nf3 Nf6 3. Nxe5 d6 4. Nf3 Nxe4 5. Nc3 Nxc3 6. dxc3 Be7 7.
Bf4 Nc6 8. Qd2 Bg4 9. O-O-O Qd7 10. Be2 O-O-O 11. h3 Bf5 (11... Be6) (11... Bh5
) 12. Nd4 Nxd4 13. Qxd4 c5 14. Qd2 (14. Qxg7 $4 Qa4 $19) 14... Qa4 15. Kb1
Bxc2+ $6 16. Qxc2 Qxf4 $11 17. Bf3 Kb8 18. Rhe1 Rd7 19. Bd5 $1 $146 {[%csl Rb7,
Re7,Rf7]} (19. Qb3) 19... Bd8 20. a3 {Atlas,V: 'At first glance, it is
difficult to imagine that Black can lose this position. Yet, White has a full
compensation for the sacrificed pawn and it is not very easy for Black to
prevent further development of White's initiative.'} (20. Re3 $5 Qg5 21. g3 Re7
$13) 20... Qf6 $1 21. Rd3 Re7 22. Rxe7 Qxe7 23. Rf3 f6 24. Ka2 (24. c4 Qd7 25.
Rb3 Bb6 26. Re3 g6 $11) 24... g6 25. Re3 Qd7 26. Qe2 $14 a6 27. Re6 f5 28. f4
Rf8 29. Re3 Ka7 30. g3 Qg7 (30... Bf6 $5) 31. h4 {Atlas,V: 'The march of
White's h-pawn weakens Black's kingside and creates additional targets for
active White's pieces.'} Bf6 32. Re6 Qd7 33. h5 $1 {><g6} g5 34. Qd3 gxf4 35.
gxf4 Bd8 $138 36. Re3 Rf6 37. Qe2 Rf8 38. Re6 Rf7 $1 {/\Re7=} (38... Rf6 {
Atlas,V is strongly met by} 39. Re8 {, and Black has serious problems.}) 39.
Qc2 Bh4 (39... Rf6) 40. Qd3 Bd8 41. Bb3 Rf6 42. Re2 d5 (42... Be7 $5) 43. Bxd5
Bc7 44. Qc4 Bd6 45. a4 Qc7 (45... Rh6 {Atlas,V is met by} 46. Bf3 (46. Re6 {
is not very convincing in view of} b5 $1) 46... Qc7 47. b4 cxb4 48. Qxc7 Bxc7
49. Re7 {, with a durable advantage.}) 46. b4 $1 h6 ({Of course, not} 46...
cxb4 {Atlas,V} 47. Qd4+ {, winning a rook.}) 47. Kb1 $1 Rf8 48. b5 Bxf4 $4 $138
({Essential was} 48... b6 {Atlas,V , although White has a large advantage
anyway.}) 49. b6+ $1 $18 Qxb6+ (49... Kxb6 {Atlas,V: 'loses to'} 50. Rb2+ Ka5 (
50... Ka7 {Atlas,V} 51. Rxb7+ $18) 51. Rb5+ axb5 52. Qxb5#) 50. Rb2 Rf6 51.
Qxf4 1-0

[Event "Corus"]
[Site "Wijk aan Zee"]
[Date "2002.01.24"]
[Round "6"]
[White "Leko, Peter"]
[Black "Grischuk, Alexander"]
[Result "1-0"]
[WhiteElo "2713"]
[BlackElo "2671"]
[Annotator "Gershon,A"]
[PlyCount "93"]
[EventDate "2002.01.12"]
[EventType "tourn"]
[EventRounds "13"]
[EventCountry "NED"]
[EventCategory "18"]
[SourceTitle "CBM 087"]
[Source "ChessBase"]
[SourceDate "2002.03.21"]
[SourceVersion "1"]
[SourceVersionDate "2002.03.21"]
[SourceQuality "1"]

1. e4 e5 2. Nf3 Nf6 3. Nxe5 d6 4. Nf3 Nxe4 5. d4 d5 6. Bd3 Nc6 7. O-O Be7 8. c4
Nb4 9. Be2 Be6 10. Nc3 O-O 11. Ne5 f6 12. Nf3 Kh8 13. a3 {This move was first
introduced by Leko in his game against Kramnik in Dortmund 2000. As we can see
he believes in this move} (13. Re1 c5 14. Be3 (14. cxd5 Nxc3 15. bxc3 Nxd5 16.
c4 Nc3 17. Qd3 cxd4 18. Bf1 Bg8 19. Nxd4 Bc5 20. Be3 Na4 21. Rab1 b6 $2 22.
Red1 $14 {1-0 Brodsky,M-Iordachescu,V/Bucharest 2001/CBM 82/[Huzman] (43)}) (
14. a3 Nxc3 15. bxc3 Nc6 16. Rb1 Qd7 $11) 14... f5 15. a3 (15. cxd5 Nxc3 16.
bxc3 Nxd5 17. Bd2 cxd4 18. Nxd4 Bg8 19. Rb1 Qc7 20. Nb5 Qd7 21. c4 {1/2-1/2
Zvjaginsev,V-Motylev,A/Linares 2001/CBM 81/[Huzman] (21)} Nb6 22. Bc3 Qxd1 23.
Rexd1 Rfc8 $11) 15... f4 16. Bd2 Nc6 17. Nxe4 dxe4 18. d5 Bxd5 19. cxd5 exf3
20. dxc6 fxe2 21. Qxe2 bxc6 22. Bxf4 Bf6 23. Be5 $16 {1/2-1/2 Grischuk,
A-Motylev,A/Moscow RUS 2001/The Week in Chess 369 (38)}) 13... Nxc3 14. bxc3
Nc6 15. Nd2 f5 16. Re1 Bf6 17. a4 $146 {I can't say that this move is the
biggest novelty of our time but there is an idea to this move: white prepares
an exit for his bishop and waits to see what black's plans are,.} (17. Bf3 Bg8
18. cxd5 Bxd5 19. Nb3 b6 20. Bf4 Ne7 21. Be5 c6 22. Bxf6 Rxf6 23. Nc1 Ng6 24.
Nd3 h6 25. Ne5 Nh4 26. Bxd5 Qxd5 27. f3 c5 28. dxc5 {1/2-1/2 Leko,P-Kramnik,V/
Dortmund 2000/CBM 78 (28).}) 17... Bg8 {the most natural move, freening the
'e' file for his pieces} 18. c5 Re8 19. Nf3 h6 $6 {[%csl Rf5,Rg6] A weakenning
of the kingside.} ({better was:} 19... Re4 $5 20. Bd3 Rxe1+ 21. Qxe1 Qd7 {
with an approximate equality}) 20. Rb1 $1 {An important intermidiate move .}
Rb8 {Now black can't fight for the 'e' file efficiently as his rook will be
protecting the 'b' pawn} (20... b6 21. Ba3 Qd7 22. Qd2 $14 {[%cal Ge2b5]}) 21.
Bd3 {[%csl Rb7,Rf5]} Rxe1+ 22. Qxe1 Qd7 23. Bf4 Re8 $2 {This move is a blunder
leading to a lost position by force} (23... Bh7 24. Rb2 $14) 24. Qd2 {[%csl
Rb7]} g5 $8 (24... b6 25. cxb6 cxb6 26. Bxh6 $1 $18) 25. Rxb7 $1 Rc8 (25...
gxf4 26. Qxf4 Qg7 (26... Bg7 27. Rxc7 $18) (26... Rc8 27. Qxh6+ $18) 27. Rxc7
Ne7 28. Rxa7 $16) 26. h4 (26. Bb5 $142 {Would have been the safest. The threat
is Be5, therefore, black must take the B. However, the test is good as well,}
gxf4 27. Qxf4 Bg7 28. Ne5 {[%csl Rc6][%cal Yb5d7]} Bxe5 29. Qxh6+ Qh7 30. Qxh7+
Kxh7 31. Bxc6 Bf4 32. Bd7 Rf8 33. Rxa7 $18) 26... gxf4 27. Qxf4 Bg7 28. Qxf5 $1
{Leko correctly assesses that the engame is easily won} Qd8 (28... Qxf5 29.
Bxf5 Rf8 (29... Re8 30. Bd7 $18) 30. Bd7 $1 Nb8 31. Bg4 $14) 29. Ng5 $1 {
Nice touch} hxg5 (29... Ne7 $4 30. Nf7+ Bxf7 31. Qh7#) 30. hxg5 {[%cal Gf5h3]
Black is 2 pieces up, but is completely helpless against white's threats} Qf8
$8 31. Qh3+ Bh6 32. Bf5 Re8 33. Rxc7 {A very precise play! The B on h6 is
going nowhere.} Re1+ 34. Kh2 Ne7 35. g4 Be6 36. Qxh6+ {the safest way to
victory. white's Q side pawns are too much for black to handle} Qxh6+ 37. gxh6
Nxf5 38. gxf5 Bxf5 39. Rf7 $1 {Forcing the B away from protecting the 'c8'
square. These little moves win big endgames.The rest is easy} Bg6 40. Rxa7 Rc1
41. Kg3 Rxc3+ 42. Kf4 Bh5 43. Ke5 Rf3 44. c6 Bg4 45. a5 Rxf2 46. a6 Rc2 47. Rc7
(47. Rc7 Ra2 48. a7 {[%cal Gc7b7,Gb7b8]}) 1-0

[Event "RUS-ch"]
[Site "Elista"]
[Date "1995.??.??"]
[Round "1"]
[White "Saulin, Dmitri"]
[Black "Makarichev, Sergey"]
[Result "0-1"]
[WhiteElo "2345"]
[BlackElo "2540"]
[Annotator "Giese"]
[PlyCount "64"]
[EventDate "1995.10.??"]
[EventType "swiss"]
[EventRounds "11"]
[EventCountry "RUS"]
[SourceTitle "CBM 050"]
[Source "ChessBase"]
[SourceDate "1996.02.01"]
[SourceVersion "1"]
[SourceVersionDate "1996.02.01"]
[SourceQuality "1"]

1. e4 e5 2. Nf3 Nf6 3. Nxe5 d6 4. Nf3 Nxe4 5. d4 d5 6. Bd3 Nc6 7. O-O Bg4 8. c4
Nf6 9. cxd5 Bxf3 10. Qxf3 Qxd5 11. Qh3 Qxd4 12. Nc3 Bd6 13. Re1+ Kf8 14. Bf5
Ne7 15. Be3 Qc4 16. Bh6 $2 {[#]} Nxf5 {[%csl Gh4]} 17. Qxf5 Qh4 $1 {[%csl Gh4,
Rh2,Rh6]} 18. Bg5 (18. Be3 Qxh2+ 19. Kf1 Qh1+ 20. Ke2 Qxg2 21. Rg1 Qh2 $19)
18... Qxh2+ 19. Kf1 Qh1+ 20. Ke2 Qh5+ 21. f3 (21. Kf1 h6 $19) (21. Kd2 h6 22.
Rh1 Qg4 23. Qb5 (23. Qxg4 Nxg4 {>,_|_-+}) 23... a6 $19 {[%csl Rg5]}) 21... h6
22. Rh1 Re8+ 23. Kf2 (23. Kd2 Qg6 $19) 23... Qg6 24. Qxg6 (24. Qb5 c6 $19 {
[%csl Rg5]}) 24... Bc5+ 25. Kf1 fxg6 {>,_|_-+} 26. Bxf6 gxf6 27. Nd5 Kf7 $1 28.
Nxc7 Rd8 29. Rh4 Rd2 30. Rc4 Bb6 31. a4 Rf2+ 32. Ke1 Rxg2 0-1

[Event "Montreal 6th"]
[Site "Montreal"]
[Date "2005.08.04"]
[Round "2"]
[White "Kogan, Artur"]
[Black "Golod, Vitali"]
[Result "1/2-1/2"]
[WhiteElo "2580"]
[BlackElo "2582"]
[Annotator "Golod,V"]
[PlyCount "87"]
[EventDate "2005.08.03"]
[EventType "tourn"]
[EventRounds "11"]
[EventCountry "CAN"]
[EventCategory "12"]
[SourceTitle "CBM 109"]
[Source "ChessBase"]
[SourceDate "2005.11.14"]
[SourceVersion "1"]
[SourceVersionDate "2005.11.14"]
[SourceQuality "1"]

1. e4 e5 2. Nf3 Nf6 3. Nxe5 d6 4. Nf3 Nxe4 5. Nc3 Nxc3 6. dxc3 Be7 7. Bd3 $5 ({
The main alternatives in this position:} 7. Bf4 $5) ({and} 7. Be3) 7... Nc6 (
7... O-O $142 8. Be3 ({After:} 8. Bf4 Re8 {[%csl Re1] I prevent White from
castling kingside, and achieving the prepared arrangement of his pieces.}) 8...
Nc6 {/\Ne5}) 8. Bf4 Be6 ({This was common in this position:} 8... Bg4 $5) 9.
Qe2 $1 {The queen is much stronger here than on d2. After the game, Artur told
me that he has found this piece arrangement long ago, and analyzed it with
"Fritz".} Qd7 10. O-O-O O-O $146 (10... O-O-O $6 11. Bb5 $1 Bf6 (11... a6 $2
12. Ne5 $1) 12. Nd4 $5 (12. Be5 Qe7 (12... a6 $5) 13. Bxf6 Qxf6 14. Bxc6 bxc6
15. Qa6+ Kd7 16. Rhe1 $14 {Gaspariants,G-Khachaturov,A/Moscow,1968(1-0)(23)})
12... Bxd4 13. cxd4 $14) 11. h4 $5 Bf5 $140 12. Ng5 $1 $40 Rae8 13. Qf3 {
White already threatens - 14.Bxd6 (ץf5)} Bxd3 $5 {I spent a lot of time
before I made this move. Except that move, I also checked the following
alternatives:} (13... Bg4 $6 14. Bxh7+ Kh8 15. Qd3 g6 (15... Bxd1 $6 16. Bf5
Be2 $140 (16... Qd8 $2 17. Bd7 $1 $18 {[%csl Re8,Rh8][%cal Gd7e8,Gd3h7]}) 17.
Bxd7 Bxd3 18. Bxe8 $16) 16. f3 Bf5 17. Qd2 Kg7 18. h5 $40) (13... Ne5 $6 14.
Bxe5 Bxg5+ $8 15. hxg5 Rxe5 16. g4 $1 Bxd3 (16... Bg6 $2 17. Qh3 {[%csl Rd7,
Rg8][%cal Gh3h7,Gd3g6]}) 17. Qxd3 g6 18. f4 $36 {/\Qh3 קh7}) (13... h6 $5 14.
Bxf5 (14. Bxd6 $4 Bxd3 15. Qxd3 Bxg5+ 16. hxg5 Qxd6 17. Qxd6 cxd6 18. gxh6 gxh6
19. Rxh6 Re2 $17) 14... Qxf5 15. Rd5 $36) 14. Qxd3 g6 15. f3 {This moveis a
little bit passive. Here it was necessary to play the more active continuation:
} (15. Ne4 $5 {/\Bh6 צf8} Qe6 $1 16. Kb1 $1 (16. Bh6 $2 f5 $1 (16... Qxa2 $2
17. Qd5 $1 (17. Bxf8 $2 Bxf8 $1 $13 {[%csl Rc1][%cal Gf8h6,Ga2a1]}) 17... Qxd5
(17... Qa1+ $2 18. Kd2 $140 Qxb2 $2 (18... Qa5 $142) 19. Rb1 Qa3 20. Ra1 Qb2
21. Rhb1 $18 {ףb2}) 18. Rxd5 {+/=/+/-}) 17. Ng5 Bxg5+ 18. hxg5 (18. Bxg5 $2
Qxa2 $17) 18... Rf7 {[%csl Rh6]}) 16... Bd8 17. Ng3 $14) 15... Bf6 16. h5 Ne5
17. Qd2 $2 {Not the best square to retreat for the queen, because this allows
Black to start counterplay on the queenside.} (17. Qd4 $142 $36) 17... Bxg5 $6
{I didn't use the given chance. After the game, we checked this resource:} (
17... Nc4 $1 {[%mdl 64]} 18. Qd5 $1 (18. Nxh7 $2 {[%tqu "En","White's previous
move was a deciding blunder. Can you find why?","","","f6g7","I didn't see
this resource.",10,"g8h7","",0]} Bg7 $3 {I didn't see this resource.} (18...
Kxh7 $2 19. hxg6+ Kg8 20. Qd3 Ne5 $140 21. Bxe5 Bxe5 22. g7 $1 Kxg7 $8 23. Qh7+
Kf6 24. Qh4+ Ke6 25. f4 {[%csl Re5,Re6]} Bxf4+ $1 26. Qxf4 Qb5 $15) 19. h6 Qb5
$1 20. b3 Qa5 $1 $19 21. bxc4 $140 Qxa2 22. Qd3 Re2 $1 {/\Qa1#} 23. Qxe2 Bxc3
24. Nf6+ Kh8 $19 {/\Qa1#}) (18. Qd3 $2 Qb5 $19 {[%csl Rb2,Rg5]}) 18... Qa4 19.
hxg6 hxg6 $8 20. Nh7 Bg7 $1 (20... Bxc3 $143 21. Rd4 Bxb2+ 22. Kd1 (22. Kb1 $4
Bxd4 23. Qxd4 Na3+) 22... Bxd4 23. Qxd4 Re5 $8 24. Nf6+ Kg7 25. Bg5 {/\Rh7#}
Ne3+ 26. Bxe3 Qxd4+ 27. Bxd4 Kxf6 28. f4 Rd8 {עd1} 29. Kc1 Ke6 30. fxe5 dxe5
31. Be3 $14) 21. Kb1 Re2 22. Rc1 Rfe8 23. Bg5 R2e6 $13) 18. Bxg5 {Now White
has the advantage, at least because of the strong dark-squared bishop, which
can cause many problems to his opponent in the future.} f6 19. Bh6 $14 Rf7 20.
hxg6 Nxg6 (20... hxg6 $6 21. Bf4 $36 {<->h}) 21. Rde1 Re5 22. f4 $1 {<->e
Artur goes through this part of the game with strong moves.} Rxe1+ 23. Rxe1 Re7
24. Qd5+ Kh8 25. Rd1 (25. Rxe7 $142 Qxe7 26. b3 $1 (26. Kd2 $6 c6 27. Qf5 Kg8
28. Qc8+ $6 (28. c4 $5) 28... Kf7 29. g3 Qe4 $1 $132) 26... Qe1+ 27. Kb2 Qh4 {
ץh6} 28. f5 Qxh6 29. fxg6 Qxg6 30. Qxb7 $16 {[%csl Ga2,Ra7][%cal Ga2a4]})
25... b6 26. Qa8+ $6 {It was better not to take the Pa7 and with it to allow
Black to improve the position of his pieces.} (26. g4 $1 $16 {Kogan,A}) 26...
Re8 27. Qxa7 Qc6 {/\28...Nxf4 29.Bxf4? Ra8 (ףa7)} 28. Qa3 {I didn't play 28...
Ra8 in view of 29.Rxd6, but White didn't have any good move:} (28. g3 $4 Ra8
29. Rxd6 $140 Qh1+ 30. Kd2 $8 (30. Rd1 Qxd1+ 31. Kxd1 Rxa7) 30... Re8 $1 $19
31. Qxc7 $140 (31. Re6 Qd5+) 31... Qe1+ 32. Kd3 Qe2+ 33. Kd4 Qe4#) 28... Re2 $2
{This looks like a logical move, however, it is a serious mistake.} (28... Qxg2
$5 29. Qb3 {/\Qf7 עh8} (29. Qa4 Re2 $13) 29... Re7 $13) 29. Kb1 $2 $138 (29.
Qa6 $1 {[%csl Re2,Rh8][%cal Ga6c8,Ga6e2] leads to a clear advantage:} Qe8 30.
f5 Nh4 31. g4 $16) (29. g4 $4 Qe4 30. Qb3 Qe3+ 31. Kb1 Re1 $19 {[%csl Rb1]})
29... Rxg2 (29... Qd5 $6 30. Rc1 Qxg2 (30... Qa5 $5 31. Qb3 $140 Qh5 32. f5 $13
) (30... Ne7 $5 {[%csl Rh6][%cal Ge7g8]}) 31. c4 Qe4 32. Qc3 Qe6 $11) 30. f5
Ne5 $5 $15 {The situation rapidly changed. My knight is now standing on a very
strong square in the centre, and my queen and rook are very harmonious between
themselves, as opposed to my opponent.} (30... Ne7 $5 {קf5 Kogan,A}) (30...
Qe4 $5 31. Rc1 Nh4 $15 {קf5}) 31. Qb3 $6 (31. Re1 $142 Rg8 $15) 31... Qe4 32.
a4 Qxf5 33. a5 bxa5 $2 {I lose all of my advantage in one move. The point is
that I missed my opponent's 36th move, from which there is no turning back.} (
33... Qh5 $142 34. Qd5 $8 bxa5 35. Rf1 Qg6 36. Qa8+ Qg8 37. Qa7 Rg6 38. Be3 Qc4
$17) (33... Rg8 $5 $17 {[%csl Rd1,Rh6][%cal Gf5h5]}) 34. Qb8+ Rg8 35. Qxc7 Qh5
$1 {[%csl Rd1,Rh6][%cal Gh5h6,Gh5d1] I realized that it was time to escape.} (
35... Ng4 $6 36. Bc1 $14 {and I'm left only with weaknesses.}) {[%tqu "En",
"Can you find nice bomb that gives the equality to White?","","","h6g7","",10]}
36. Bg7+ $1 {[%mdl 64]} Rxg7 37. Qd8+ Rg8 38. Qxf6+ $11 Rg7 39. Qf8+ Rg8 40.
Qf6+ Rg7 41. Rxd6 $5 {Artur decided to play a little longer, just for the
audience.} Nf7 (41... h6 42. Qxh6+ (42. Rd5 $4 Qh1+) 42... Qxh6 43. Rxh6+ Kg8
44. Ra6 Nc4 45. b3 Nd2+ 46. Kc1 Ne4 $11) 42. Rd8+ Nxd8 43. Qf8+ (43. Qxd8+ $144
Rg8 44. Qf6+ Rg7 45. Qf8+ $11) 43... Rg8 44. Qf6+ {Despite the mistakes the
game was very interesting.} 1/2-1/2